|
|
|
|
| LEADER |
02145nam a22004455i 4500 |
| 001 |
978-1-137-59194-4 |
| 003 |
DE-He213 |
| 005 |
20171017170249.0 |
| 007 |
cr nn 008mamaa |
| 008 |
171017s2017 xxu| s |||| 0|eng d |
| 020 |
|
|
|a 9781137591944
|9 978-1-137-59194-4
|
| 024 |
7 |
|
|a 10.1057/978-1-137-59194-4
|2 doi
|
| 040 |
|
|
|d GrThAP
|
| 245 |
1 |
0 |
|a Ma Theory and the Creative Management of Innovation
|h [electronic resource] /
|c edited by Mitsuru Kodama.
|
| 264 |
|
1 |
|a New York :
|b Palgrave Macmillan US :
|b Imprint: Palgrave Macmillan,
|c 2017.
|
| 300 |
|
|
|a XIII, 296 p. 11 illus. in color.
|b online resource.
|
| 336 |
|
|
|a text
|b txt
|2 rdacontent
|
| 337 |
|
|
|a computer
|b c
|2 rdamedia
|
| 338 |
|
|
|a online resource
|b cr
|2 rdacarrier
|
| 347 |
|
|
|a text file
|b PDF
|2 rda
|
| 520 |
|
|
|a This book focuses on the core theoretical concept of “Ma thinking” - an idea that serves as springboard for the thoughts and actions of distinguished practitioners, innovators, and researchers. The theoretical and practical importance of the Ma concept in new innovation activities lies in the thinking and activities of the leading practitioners. However, there is little academic research clarifying these characteristic dynamic transition mechanisms and the synthesis of diverse paradoxes through recursive activities between formal and informal organizations to achieve integration of dissimilar knowledge. .
|
| 650 |
|
0 |
|a Management.
|
| 650 |
|
0 |
|a Organization.
|
| 650 |
|
0 |
|a Planning.
|
| 650 |
|
0 |
|a International business enterprises.
|
| 650 |
|
0 |
|a Philosophy, Asian.
|
| 650 |
|
0 |
|a Behavioral economics.
|
| 650 |
1 |
4 |
|a Economics.
|
| 650 |
2 |
4 |
|a Behavioral/Experimental Economics.
|
| 650 |
2 |
4 |
|a Non-Western Philosophy.
|
| 650 |
2 |
4 |
|a Management.
|
| 650 |
2 |
4 |
|a International Business.
|
| 650 |
2 |
4 |
|a Organization.
|
| 700 |
1 |
|
|a Kodama, Mitsuru.
|e editor.
|
| 710 |
2 |
|
|a SpringerLink (Online service)
|
| 773 |
0 |
|
|t Springer eBooks
|
| 776 |
0 |
8 |
|i Printed edition:
|z 9781137593542
|
| 856 |
4 |
0 |
|u http://dx.doi.org/10.1057/978-1-137-59194-4
|z Full Text via HEAL-Link
|
| 912 |
|
|
|a ZDB-2-ECF
|
| 950 |
|
|
|a Economics and Finance (Springer-41170)
|